000
00216 a2200097 4500
001
43584
100
_a
Shakespeare
245
_a
Comedies Shakespeare
260
_a
New York
_b
Modern library
_c
090
_c
27401
_d
27401
942
_a
NUST-CAE
_c
M
_c
19338
999
_c
278657
_d
278657